IBM PC для пользователя: Краткий курс

Bibliografiska uppgifter
Huvudupphovsman: Фигурнов В. Э. Виктор Эвальдович
Sammanfattning:Исключено из фонда НТБ ТПУ
Språk:ryska
Publicerad: Москва, Инфра-М, 1999
Materialtyp: Bok
KOHA link:https://koha.lib.tpu.ru/cgi-bin/koha/opac-detail.pl?biblionumber=22001

MARC

LEADER 00000nam0a2200000 4500
001 22001
005 20231030194439.0
010 |a 5862254714 
035 |a (RuTPU)RU\TPU\book\22213 
035 |a BOOK00022283 
090 |a 22001 
100 |a 20011209d1999 m y0rusy50 ca 
101 0 |a rus 
102 |a RU 
105 |a a j 000zy 
200 1 |a IBM PC для пользователя  |e Краткий курс  |f В. Э. Фигурнов 
210 |a Москва  |c Инфра-М  |d 1999 
215 |a 480 с.  |c ил. 
333 |a Исключено из фонда НТБ ТПУ 
700 1 |a Фигурнов  |b В. Э.  |g Виктор Эвальдович 
801 0 |a RU  |b 63413507  |c 20011209  |g PSBO 
801 2 |a RU  |b 63413507  |c 20210610  |g PSBO 
942 |c BK